000 00639nam a2200229Ia 4500
008 220216s9999 xx 000 0 und d
100 _aYang X
245 0 _aClimbing the mountain fast but smart: Modelling rubber tree growth and latex yield under climate change
260 _bForest Ecology and Management
_c2019
300 _a55-69
500 _aSource Year: 2019
650 _aClimate change
650 _aLatex yield
700 _aBlagodatsky S
700 _aCadisch G
700 _aGolbon R
700 _aLiu H
700 _aMarohn C
700 _aXu J
856 _udoi.org/10.1016/j.foreco.2019.02.028
942 _cJS
999 _c55707
_d55707